| 000 | 00563nam a22001697a 4500 | ||
|---|---|---|---|
| 999 |
_c18027 _d18027 |
||
| 008 | 191115b xxu||||| |||| 00| 0 eng d | ||
| 020 | _a354056039 | ||
| 040 |
_aKABU _cKABU |
||
| 050 |
_aQA76.9 _b.D38 1992 c. 1 |
||
| 245 |
_aDatabase theory - ICDT '92 _b4th international conference Berlin, Germany, October 14-16, 1992 proceedings _cJ. Biskup, R. Hull (Eds.) |
||
| 260 |
_aBerlin _bSpringer-Verlag _c1992 |
||
| 300 | _aix, 449 p. | ||
| 650 |
_aDatabase management _xCongresses |
||
| 700 | _aBiskup, J. | ||
| 700 | _aHull, R. | ||
| 942 |
_2lcc _cBK _hQA76.9 |
||